Vanessa Williams Discography - Statistics

General Stats
  • This quiz has been taken 3 times
  • The average score is 6 of 12
Answer Stats
Type Year Name % Correct
Album 1991 The Comfort Zone
100%
Album 1994 The Sweetest Days
100%
Compilation 1998 Greatest Hits: The First Ten Years
67%
Album 1988 The Right Stuff
67%
Compilation 2003 20th Century Masters - The Millennium Collection: The Best of Vanessa Williams
33%
Album 2005 Everlasting Love
33%
Compilation 2004 Love Songs
33%
Album 1997 Next
33%
Collaborative Live Album 2001 Our Favorite Things
33%
Album 2004 Silver & Gold
33%
Album 1996 Star Bright
33%
Album 2009 The Real Thing
33%
No matching quizzes found
Score Distribution
Percent of People with Each Score
Percentile by Number Answered
Your Score History
You have not taken this quiz